• 首页
  • 本馆介绍
  • 公告通知
  • 最新文献
  • 馆藏检索
  • 电子资源
  • 读者导购
  • 参考咨询
  • 我的图书馆
  • 登录
  • 详细信息显示
  • 放入我的书架
  • 预约/预借图书
  • 作者相关作品
  • 分类相关作品
  • 丛书相关作品
  • 出版社相关作品

书目信息

  • 表格格式
  • 工作单格式
  • 卡片格式
题名:
中国的马克思主义
    
 
作者: 张奇才 , 王先俊 , 高正礼 著
分册:  
出版信息: 北京   人民出版社  2004
页数: 347页
开本: 21cm
丛书名:
单 册:
中图分类: A84
科图分类:
主题词: 毛泽东思想--高等学校--教材
电子资源:
ISBN: 7-01-004486-4
000 01503nam0 2200361 450
000 01466nam0 2200349 450
000 01447nam0 2200349 450
000 01410nam0 2200337 450
000 01428nam0 2200325 450
000 01391nam0 2200313 45
001 TS2006000333
005 20070115155144.06
010    @a7-01-004486-4@dCNY19.00
092    @aCN@bTS01-000388
100    @a20060829d2004 em y0chiy0110 ea
101 0  @achi
102    @aCN@b110000
105    @ay z 000yy
200 1  @a中国的马克思主义@AZhong Guo De Ma Ke Si Zhu Yi@e毛泽东思想@EMao Ze Dong Si Xiang@f张奇才, 王先俊, 高正礼著@FZhang Qi Cai , Wang Xian Jun , Gao Zheng Li Zhu
210    @a北京@c人民出版社@d2004
215    @a347页@d21cm
300    @a安徽省教育厅人文社会科学研究资助项目 安徽省高校人文社科重点研究基地安徽师范大学马克思主义理论与思想政治教育研究中心资助项目 安徽师范大学出版基金资助项目
330    @a本书全面论述了毛泽东思想科学体系,毛泽东思想形成过程,科学地概述了党和毛泽东在探索我国社会主义建设中所取得的丰硕成果和提出的适合中国国情的富有成效社会主义建设的方针政策。
517 1  @a毛泽东思想@AMao Ze Dong Si Xiang
606 0  @a毛泽东思想@x高等学校@x教材
690    @aA84@v4
701  0 @a张奇才@AZhang Qi Cai@4著
701  0 @a王先俊@AWang Xian Jun@4著
701  0 @a高正礼@AGao Zheng Li@4著
801  0 @aCN@b中图数据@c20070115
905    @a10447@dA84@e103
    
    中国的马克思主义:毛泽东思想/张奇才, 王先俊, 高正礼著.-北京:人民出版社,2004
    347页;21cm
    安徽省教育厅人文社会科学研究资助项目 安徽省高校人文社科重点研究基地安徽师范大学马克思主义理论与思想政治教育研究中心资助项目 安徽师范大学出版基金资助项目
    
    ISBN 7-01-004486-4:CNY19.00
    本书全面论述了毛泽东思想科学体系,毛泽东思想形成过程,科学地概述了党和毛泽东在探索我国社会主义建设中所取得的丰硕成果和提出的适合中国国情的富有成效社会主义建设的方针政策。
●
相关链接 在E读中查询图书 在五车中查询图书 在当当中查询图书 在豆瓣中查询图书


正题名:中国的马克思主义     索取号:A84/103         预约/预借

序号 登录号 条形码 馆藏地/架位号 状态 备注
1 0608758   206087580   第一样本阅览室/ [索取号:A84/103] 在馆    
2 0608759   206087599   第一借阅区/ [索取号:A84/103] 在馆    
3 0608760   206087606   第一借阅区/ [索取号:A84/103] 在馆    
4 0608761   206087615   第一借阅区/ [索取号:A84/103] 在馆    
5 0608762   206087624   第一借阅区/ [索取号:A84/103] 在馆    
唐山师范学院图书馆 欢迎您!
大连网信软件有限公司© 版权所有